駅名に「甲」を含む駅 - Statistics

General Stats
  • This quiz has been taken 127 times
  • The average score is 12 of 27
Answer Stats
Hint Answer % Correct
甲府市 甲府
96%
甲府市 南甲府
83%
甲賀市 甲賀
82%
西宮市 甲子園
76%
西宮市 甲子園口
71%
神戸市 六甲
67%
厚木市 愛甲石田
64%
甲州市 甲斐大和
58%
神戸市 六甲道
54%
甲賀市 甲南
52%
日野市 甲州街道
48%
北杜市 甲斐小泉
48%
北杜市 甲斐大泉
46%
美咲町 亀甲
45%
神戸市 甲南山手
42%
西宮市 甲東園
39%
西宮市 甲陽園
39%
市川三郷町 甲斐岩間
33%
神戸市 神鉄六甲
33%
湖南市 甲西
29%
市川三郷町 甲斐上野
28%
身延町 甲斐大島
24%
身延町 甲斐常葉
24%
三次市 甲奴
20%
安芸高田市 甲立
20%
甲府市 甲斐住吉
18%
鹿児島市 甲東中学校前
5%
No matching quizzes found
Score Distribution
Percent of People with Each Score
Percentile by Number Answered
Your Score History
You have not taken this quiz